00919cam a22002531 4500001001300000003000400013005001700017008004100034010001700075025001800092035001900110040001800129042001200147050002300159082001400182100003700196245017000233260007600403300002500479490005900504700002800563830005700591999001700648sa 67007852 DLC20260227112419.0810608s1966 pk 000 0 eng  asa 67007852  aPL480:P-E-993 a(OCoLC)7483149 aDLCcNICdDLC apremarc00aDS385.J5bA53 1966 a320.9/5491 aJinnah, Mahomed Ali,d1876-1948.10aSelected speeches and statements of the Quaid-i-Azam Mohammad Ali Jinnah, 1911-34 and 1947-48cCollected & edited by M. Rafique Afzal; with a foreword by S. M. Ikram aLahorebResearch Society of Pakistan, University of the Punjabc[1966]. axvii, 475 p.c25 cm.1 aPublication of the Research Society of Pakistanvno. 31 aAfzal. M. Rafliqueeed. 0aPublication (Research Society of Pakistan) ;vno. 3. c76820d76820